| 000 | 00631nmc a2200253 a 4500 | ||
|---|---|---|---|
| 003 | AR-BaBNM | ||
| 005 | 20251128202819.0 | ||
| 008 | 256019s1954 ||||||||||||||000 | spa|| | ||
| 040 | _cAR-BaBNM | ||
| 100 | 1 |
_aImbert, Julio _d1918- |
|
| 245 | 1 | 0 |
_aFlorencio Sánchez _bvida y creación |
| 260 |
_aBuenos Aires _bSchapire _c1954 |
||
| 300 | 0 |
_a320 p. _bil. |
|
| 490 | 0 | _aObra y vida | |
| 504 | _aBibliografía: p. 295-306 | ||
| 650 | 4 | _aBIOGRAFIAS | |
| 650 | 4 | _aHISTORIA LITERARIA | |
| 650 | 4 | _aHISTORIA CULTURAL | |
| 650 | 4 | _aLITERATURA | |
| 651 | 4 | _aArgentina | |
| 655 | _aBIOGRAFIAS | ||
| 942 | _cBK | ||
| 998 | _cEnrique | ||
| 999 |
_c700 _d700 |
||